Unit operations handbook

Na minha lista:
Detalhes bibliográficos
Autor principal: McKetta, John J. (autor)
Formato: Livro
Idioma:inglês
Publicado em: Nueva York Marcel Dekker 1993
Assuntos:
Tags: Adicionar Tag
Sem tags, seja o primeiro a adicionar uma tag!

MARC

LEADER 00000nam a2200000 a 4500
001 UCZ6322
003 CL-VaPUC
008 951211e19930000US |||||||||||||||||eng|d
082 0 4 |a 660.284  |b MCK  |2 21 
100 |a McKetta, John J.  |e autor  |9 366642 
245 1 0 |a Unit operations handbook 
300 |a v 
942 |c BK 
945 |d 19951211 00:00:00  |a rleighto 
260 |a Nueva York  |b Marcel Dekker  |c 1993 
500 |a v.1: Mass transfer 
500 |a v.2: Mechanical separations and materials handling 
650 0 |a Procesos químicos  |9 259436 
650 0 |a Manuales  |9 257144 
583 |a last modification  |c 19951211 00:00:00  |k Rodrigo Vera 
999 |c 242536  |d 242534 
952 |0 0  |1 0  |4 0  |6 660_284000000000000_MCK_1993  |7 0  |8 F  |9 255564  |a BIBING  |b BIBING  |d 2019-11-19  |h v.1  |i 3158624  |o 660.284 MCK 1993  |p 3158624  |r 2025-01-20  |w 2019-11-19  |y BK_F  |k EIQ 
952 |0 0  |1 0  |4 0  |6 660_284000000000000_MCK_1993  |7 0  |8 F  |9 255565  |a BIBING  |b BIBING  |d 2019-11-19  |h v.2  |i 3159167  |o 660.284 MCK 1993  |p 3159167  |r 2025-01-20  |w 2019-11-19  |y BK_F  |k EIQ 
952 |0 0  |1 0  |2 ddc  |4 0  |6 660_284000000000000_MCK_1993  |7 0  |8 A  |9 255566  |a BIBALI  |b BIBALI  |c GEN  |d 2019-11-19  |h v.1  |i 3692353  |o 660.284 MCK 1993  |p 3692353  |r 2025-01-20  |w 2019-11-19  |y BK  |k ALI 
952 |0 0  |1 0  |2 ddc  |4 0  |6 660_284000000000000_MCK_1993  |7 0  |8 A  |9 255567  |a BIBALI  |b BIBALI  |c GEN  |d 2019-11-19  |h v.2  |i 3692361  |o 660.284 MCK 1993  |p 3692361  |r 2025-01-20  |w 2019-11-19  |y BK  |k ALI